Brasil... ou Argentina - Statistics

Estatísticas Gerais
  • Esse quiz foi jogado 438 vezes
  • A pontuação média é 9 de 10
Estatísticas das Respostas
Questão Resposta % Correto
Tem a maior população
100%
Tem territorios acima da linha do Equador
97%
Faz fronteira com o Paraguai
93%
É mais proximo da Antartica
91%
Tem mais medalhas em Olimpíadas
91%
Tem um PIB menor
90%
Tem uma cidade chamada Córdova
90%
Tem mais de 40 milhões de Habitantes
83%
Tem mais jogadores de futebol
79%
Tem o menor PIB per Capita
50%
Nenhum quiz correspondente encontrado
Distribuição das Pontuações
Porcentagem de Pessoas com Cada Pontuação
Percentil de Números Respondidos
Sua Pontuação Histórica
Você não jogou esse quiz